Transportation: economic principles and practices /

Bibliographic Details
Main Author: Johnson, Emory R. (Emory Richard), 1864-1950
Other Authors: Huebner, Grover G. (Grover Gerhardt), 1884-, Wilson, G. Lloyd (George Lloyd), 1896-1956
Format: Book
Language:English
Published: New York, London : Appleton-Century company, incorporated, [1940]
Subjects:

MARC

Tag First Indicator Second Indicator Subfields
LEADER 00000cam a2200000 4500
001 in00000081579
005 20151008053015.0
008 720209s1940 nyu b 00000 eng u
010 |a  40009065  
035 |a (OCoLC)00237518 
035 |9 AAH5828AM 
040 |c WSU  |d TXA  |d UtOrBLW 
049 |a TXAM  |c 1 [148482]  
050 0 |a HE151  |b .J65 
092 |a 385  |b J66tr 
100 1 |a Johnson, Emory R.  |q (Emory Richard),  |d 1864-1950. 
245 1 0 |a Transportation: economic principles and practices /  |c by Emory R. Johnson ... Grover G. Huebner ... [and] G. Lloyd Wilson ... 
264 1 |a New York,  |a London :  |b Appleton-Century company, incorporated,  |c [1940] 
264 4 |c [©1940] 
300 |a 678 pages 
336 |a text  |b txt  |2 rdacontent 
337 |a unmediated  |b n  |2 rdamedia 
338 |a volume  |b nc  |2 rdacarrier 
650 0 |a Transportation  |z United States. 
700 1 |a Huebner, Grover G.  |q (Grover Gerhardt),  |d 1884- 
700 1 |a Wilson, G. Lloyd  |q (George Lloyd),  |d 1896-1956. 
999 |a MARS 
999 f f |s 8b99d5b3-56fc-3f03-a894-9ec83e8ebba4  |i 3ac658ec-4cd5-3ec6-9052-aeebca6b8cce  |t 0 
952 f f |p ric  |a Texas A&M University  |b Rellis Campus  |c Joint Library Facility  |d Remote Storage  |t 0  |e HE151 .J65  |h Library of Congress classification  |i unmediated -- volume  |m A14800878109 
998 f f |a HE151 .J65  |t 0  |l Remote Storage